Unit operations of chemical engineering (Record no. 3799)

000 -LEADER
fixed length control field 00652nam a2200241 a 4500
001 - CONTROL NUMBER
control field 3799
003 - CONTROL NUMBER IDENTIFIER
control field BD-DhUET
008 - FIXED-LENGTH DATA ELEMENTS--GENERAL INFORMATION
fixed length control field 850523s1985 nyua b 001 0 eng
020 ## - INTERNATIONAL STANDARD BOOK NUMBER
International Standard Book Number 0070448280
040 ## - CATALOGING SOURCE
Modifying agency BD-DhUET
Transcribing agency 0
082 0# - DEWEY DECIMAL CLASSIFICATION NUMBER
Classification number 660.2842
Item number MCC/1985
100 1# - MAIN ENTRY--PERSONAL NAME
Personal name McCabe, Warren L.
245 10 - TITLE STATEMENT
Title Unit operations of chemical engineering
250 ## - EDITION STATEMENT
Edition statement 4th ed.
260 ## - PUBLICATION, DISTRIBUTION, ETC. (IMPRINT)
Place of publication, distribution, etc. New York
Name of publisher, distributor, etc. McGraw-Hill
Date of publication, distribution, etc. 1985
300 ## - PHYSICAL DESCRIPTION
Extent x, 960 p.
Other physical details ill.
Dimensions 25 cm.
490 1# - SERIES STATEMENT
Series statement McGraw-Hill chemical engineering series
504 ## - BIBLIOGRAPHY, ETC. NOTE
Bibliography, etc Includes bibliographies
650 #0 - SUBJECT ADDED ENTRY--TOPICAL TERM
Topical term or geographic name as entry element Chemical Processer
700 1# - ADDED ENTRY--PERSONAL NAME
Personal name Smith, Julian C.
700 1# - ADDED ENTRY--PERSONAL NAME
Personal name Harriott, Peter.
942 ## - ADDED ENTRY ELEMENTS (KOHA)
Koha item type General Book
Holdings
Shelving location Date acquired Damaged status Location (home branch) Koha date last borrowed Not for loan Piece designation (barcode) Koha normalized classification for sorting Price effective from Koha item type Source of classification or shelving scheme Withdrawn status Sublocation or collection (holding branch) Koha date last seen Koha full call number Copy number Koha issues (times borrowed) Lost status
Circulation section2014-11-05 Central Library, BUET  72739660_000000000000000_2842MCC1982014-11-05General Book  Central Library, BUET2016-10-23660.2842/MCC/19851  
Circulation section2014-11-05 Central Library, BUET  77549660_000000000000000_2842MCC1982014-11-05General Book  Central Library, BUET2014-11-05660.2842/MCC/19852  
Circulation section2014-11-05 Central Library, BUET2018-11-14 77550660_000000000000000_2842MCC1982014-11-05General Book  Central Library, BUET2018-12-04660.2842/MCC/198532 
Reading section2015-07-01 Central Library, BUET  68731660_284200000000000_MCC_19852015-07-01Reading Item  Central Library, BUET2015-07-01660.2842/MCC/19854  
Rental section1989-06-27 Central Library, BUET  73910660_284200000000000_MCC_19852024-11-25Rental Item  Central Library, BUET2024-11-25660.2842 MCC/1985৪/ক-১  
Rental section1989-06-27 Central Library, BUET  73911660_284200000000000_MCC_19852024-11-25Rental Item  Central Library, BUET2024-11-25660.2842 MCC/1985৪/ক-২  
Rental section1989-06-27 Central Library, BUET  73912660_284200000000000_MCC_19852024-11-25Rental Item  Central Library, BUET2024-11-25660.2842 MCC/1985৪/ক-৩  
Rental section1989-06-27 Central Library, BUET  73913660_284200000000000_MCC_19852024-11-25Rental Item  Central Library, BUET2024-11-25660.2842 MCC/1985৪/ক-৪  
Rental section1989-06-27 Central Library, BUET  73914660_284200000000000_MCC_19852024-11-25Rental Item  Central Library, BUET2024-11-25660.2842 MCC/1985৪/ক-৫  
Rental section1989-06-27 Central Library, BUET  73915660_284200000000000_MCC_19852024-11-25Rental Item  Central Library, BUET2024-11-25660.2842 MCC/1985৪/ক-৬  
Rental section1989-06-27 Central Library, BUET  73916660_284200000000000_MCC_19852024-11-25Rental Item  Central Library, BUET2024-11-25660.2842 MCC/1985৪/ক-৭  
Rental section1989-06-27 Central Library, BUET  73917660_284200000000000_MCC_19852024-11-25Rental Item  Central Library, BUET2024-11-25660.2842 MCC/1985৪/ক-৮  
Rental section1989-06-27 Central Library, BUET  73918660_284200000000000_MCC_19852024-11-25Rental Item  Central Library, BUET2024-11-25660.2842 MCC/1985৪/ক-৯  
Rental section1989-06-27 Central Library, BUET  73919660_284200000000000_MCC_19852024-11-25Rental Item  Central Library, BUET2024-11-25660.2842 MCC/1985৪/ক-১০  
Rental section1989-06-27 Central Library, BUET  73934660_284200000000000_MCC_19852024-11-25Rental Item  Central Library, BUET2024-11-25660.2842 MCC/1985৪/ক-২৫  
Rental section1989-06-27 Central Library, BUET  73935660_284200000000000_MCC_19852024-11-25Rental Item  Central Library, BUET2024-11-25660.2842 MCC/1985৪/ক-২৬